000
00294nam a2200133Ia 4500
005
20251222141810.0
008
251222s9999||||xx |||||||||||||| ||spa||
020
_a
978-85-250-4783-0
082
_a
918.11/B72
100
_a
Bolle, Willi
245
0
_a
Amazónia:
264
_b
Globo
942
_c
LIB
999
_c
6445
_d
6445